Elites y desarrollo en América Latina

Saved in:
Bibliografiske detaljer
Main Authors: Lipset, Seymour Martin (autor), Solari, Aldo E (Author)
Format: Bog
Sprog:spansk
Udgivet: Buenos Aires Paidós 1967
Serier:Psicología Social y Sociología, 30
Fag:
Tags: Tilføj Tag
Ingen Tags, Vær først til at tagge denne postø!

MARC

LEADER 00000nam a2200000 a 4500
001 UCP1870
003 CL-VaPUC
008 990426e19670000AG |||||||||||||||||spa|d
082 0 4 |a 305.52  |b LIP  |2 21 
100 |a Lipset, Seymour Martin  |e autor  |9 451988 
700 0 |a Solari, Aldo E  |e author  |9 428226 
245 1 0 |a Elites y desarrollo en América Latina 
300 |a 512 p 
942 |c BK 
945 |d 19990426 00:00:00  |a lriquelm 
260 |a Buenos Aires  |b Paidós  |c 1967 
650 0 |a Condiciones sociales   |9 257278 
650 0 |a Grupos sociales  |9 268887 
650 0 |a Sistemas educacionales  |9 324695 
651 0 |a América Latina   |9 255027 
583 |a last modification  |c 19990426 00:00:00  |k Rodrigo Vera 
490 0 |a Psicología Social y Sociología, 30 
999 |c 280501  |d 280499 
952 |0 0  |1 0  |4 0  |6 305_520000000000000_LIP_1967  |7 0  |8 A  |9 320830  |a BIBHIS  |b BIBHIS  |d 2019-11-20  |i 1338757  |o 305.52 LIP 1967  |p 1338757  |r 2025-01-20  |w 2019-11-20  |y BK  |k HIS